Словотворчий потенціал лексики у текстах пісень груп "Evanescense" та "Nightwish" (Запис № 284073)
[ простий вигляд ]
| 000 -LEADER | |
|---|---|
| fixed length control field | 02700nam a22001577a 4500 |
| 041 ## - LANGUAGE CODE | |
| Language code of text/sound track or separate title | ukr |
| 080 ## - UNIVERSAL DECIMAL CLASSIFICATION NUMBER | |
| Universal Decimal Classification number | 09 |
| 090 ## - LOCALLY ASSIGNED LC-TYPE CALL NUMBER (OCLC); LOCAL CALL NUMBER (OCLC) | |
| Local cutter number (OCLC) ; Book number/undivided call number, CALL (RLIN) | МАК |
| 100 ## - MAIN ENTRY--PERSONAL NAME | |
| Personal name | Маковецька Ю. В. |
| 245 ## - TITLE STATEMENT | |
| Title | Словотворчий потенціал лексики у текстах пісень груп "Evanescense" та "Nightwish" |
| 260 ## - PUBLICATION, DISTRIBUTION, ETC. (IMPRINT) | |
| Place of publication, distribution, etc | Острог |
| Name of publisher, distributor, etc | КАФ |
| Date of publication, distribution, etc | 2008 |
| 300 ## - PHYSICAL DESCRIPTION | |
| Extent | 70 |
| 520 ## - SUMMARY, ETC. | |
| Summary, etc | Вступ<br/>Розділ 1 Загальні особливості словотвору англійської мови <br/>1.1 Морфологічна структура слова<br/>1.1.1 Слово- основна одиниця лексикологічного дослідження <br/>1.1.2 Кореневі та афіксальні морфеми<br/>1.1.3 Вільні, зв"язні, відносно вільні та відносто зв"язні морфеми<br/>1.1.4 Напівафікси<br/>1.2 Продуктивні способи словотворення англійської мови<br/>1.2.1 Афіксація (суфіксація та префіксація)<br/>1.2.2 Конверсія <br/>1.2.3 Словоскладання<br/>1.2.4 Телескопія <br/>Розділ 2 Особливості словотвору пісень групи "Evanescense" <br/>2.1 Словотвір у поезії<br/>2.2 Суфіксальний спосіб словотвору в текстах пісень групи "Evanescense" <br/>2.3 Префіксальний спосіб словотвору в те5стах пісень групи "Evanescense" <br/>2.4 Конверсія як словотоврча модель в текстах пісень групи <br/>2.5 Скорочення як словотворча модель а текстах пісень групи "Evanescense" <br/>2.6 Словоскладання як словотворча модель в текстах пісен групи "Evanescense" <br/>Розділ 3 Особливості словотвору текстів пісень групи "Nightwish"<br/>3.1 Суфіксальний спосіб словотвору в текстах пісень групи "Nightwish"<br/>3.2 Префіксальний спосіб словотвору текстів пісень групи "Nightwish"<br/>3.3 Конверсійний спосіб словотвору текстів пісень групи "Nightwish"<br/>3.4 Скорочення як словотворча модель текстів пісень групи "Nightwish"<br/>3.5 Словоскладання як словотворча модель текстів пісень групи "Nightwish"<br/>Висновки |
| -- | словотвор, тексти пісень, |
| 650 ## - SUBJECT ADDED ENTRY--TOPICAL TERM | |
| Topical term or geographic name as entry element | Research Papers |
| 942 ## - ADDED ENTRY ELEMENTS (KOHA) | |
| Koha item type | Книги |
| Withdrawn status | Lost status | Source of classification or shelving scheme | Damaged status | Not for loan | Home library | Current library | Date acquired | Source of acquisition | Cost, normal purchase price | Total Checkouts | Full call number | Barcode | Date last seen | Price effective from | Koha item type |
|---|---|---|---|---|---|---|---|---|---|---|---|---|---|---|---|
| Universal Decimal Classification | ВІЛ - Відділ іноземн. літератури НБ | ВІЛ - Відділ іноземн. літератури НБ | 17/04/2009 | Акт №2 | 1.00 | 09 | 213665 | 15/12/2021 | 17/04/2009 | Книги |